Đổi mới phương thức lãnh đạo của Tỉnh uỷ đối với UBND tỉnh từ thực tiễn Tiền Giang

Đã lưu trong:
Sonraí Bibleagrafaíochta
Príomhúdar: Nguyễn, Xuân Tế
Údair Eile: Nguyễn, Ngọc Chung
Formáid: Leabhar
Teanga:Undetermined
Ábhair:
Rochtain Ar Líne:http://lrc.tdmu.edu.vn/opac/search/detail.asp?aID=2&ID=26921
Clibeanna: Cuir Clib Leis
Gan Chlibeanna, Bí ar an gcéad duine leis an taifead seo a chlibeáil!
Thư viện lưu trữ: Trung tâm Học liệu Trường Đại học Thủ Dầu Một
LEADER 00734nam a2200157Ia 4500
001 TDMU_26921
008 210410s9999 xx 000 0 und d
082 |a 621.382 
100 |a Nguyễn, Xuân Tế 
245 0 |a Đổi mới phương thức lãnh đạo của Tỉnh uỷ đối với UBND tỉnh từ thực tiễn Tiền Giang 
245 0 |c Nguyễn Xuân Tế, Nguyễn Ngọc Chung 
300 |a Tr.42-44 
650 |a Chính trị xã hội; Phương thức lãnh đạo; Đổi mới; Tiền Giang 
700 |a Nguyễn, Ngọc Chung 
856 |u http://lrc.tdmu.edu.vn/opac/search/detail.asp?aID=2&ID=26921 
980 |a Trung tâm Học liệu Trường Đại học Thủ Dầu Một